[Event "Challenge"]
[Site "http://www.queenalice.com/game.php?id=934852"]
[Date "2011.5.6"]
[Round "-"]
[White "Apollo"]
[Black "saavik"]
[Result "0-1"]
[WhiteElo "1549"]
[BlackElo "1726"]

1. e4 e5 2. Nf3 Nc6 3. d4 d6 4. c3 Bg4 5. Be2 f5 6. O-O Bxf3 7. Bxf3 Nf6 8. b4
f4 9. b5 Na5 10. dxe5 dxe5 11. Qa4 b6 12. c4 Qd4 13. Rd1 Qxa1 14. Bd2 Qd4 15.
Nc3 Bc5 16. Be1 Qxc4 17. h3 Qxa4 18. Nxa4 Bd4 19. Bxa5 bxa5 20. h4 O-O 21. h5
Rfd8 22. Rd2 Rab8 23. Rc2 Rxb5 24. Rxc7 Rb1+ 25. Kh2 Bxf2 26. g4 fxg3+ 27. Kg2
Rd2 28. Rc8+ Kf7 29. Rc7+ Kf8 30. Nc3 Rg1+ 31. Kh3 Bb6 32. Rc8+ Ne8 33. Ne2 g5
34. Nxg1 Rh2+ 35. Kxg3 Bxg1 36. Rc1 Rh4 37. Rxg1 Nf6 38. Kf2 g4 39. Rh1 Rxh1 40.
Bxh1 Nxh5 41. a4 Nf4 42. Kg3 Nh3 43. Kxg4 Nf2+ 44. Kf3 Nxh1 45. Kg2 Kf7 46. Kxh1
Kf6 47. Kg2 Kg5 48. Kf3 h5 49. Kg3 h4+ 50. Kh3 Kh5 51. Kh2 Kg4 52. Kg2 Kf4 53.
Kh3 Kxe4 54. Kxh4 Kf4 55. Kh3 e4 0-1

[Event "Challenge"]
[Site "http://www.queenalice.com/game.php?id=954325"]
[Date "2011.6.27"]
[Round "-"]
[White "saavik"]
[Black "Apollo"]
[Result "0-1"]
[WhiteElo "1743"]
[BlackElo "1540"]

1. d4 d5 2. Nf3 Nf6 3. Bf4 e6 4. e3 Nbd7 5. c3 c6 6. a3 Be7 7. Bd3 O-O 8. Nbd2
b6 9. h4 c5 10. Bb5 Bb7 11. Rh3 Nb8 12. b4 Nc6 13. Rg3 Nh5 14. Rg4 f5 15. Rg5
Nxf4 16. exf4 Bxg5 17. Nxg5 cxd4 18. Qh5 h6 19. Qg6 hxg5 20. Qxe6+ Rf7 21. O-O-O
dxc3 22. Nf3 Qc7 23. g3 gxf4 24. Rxd5 fxg3 25. fxg3 f4 26. g4 Kh8 27. Rh5+ Kg8
28. Bxc6 Bxc6 29. Ne5 g6 30. Rh7 Bd5 31. Qxg6+ Rg7 32. Rxg7+ Qxg7 33. Qd3 Qxe5
34. h5 Qe1+ 35. Qd1 Qxd1+ 36. Kxd1 Bf3+ 37. Kc2 Bxg4 38. Kxc3 f3 39. h6 f2 40.
Kb3 f1=Q 41. Ka4 Bd1# 0-1

[Event "Challenge"]
[Site "http://www.queenalice.com/game.php?id=960172"]
[Date "2011.7.14"]
[Round "-"]
[White "drglaucoprado"]
[Black "Apollo"]
[Result "1-0"]
[WhiteElo "1508"]
[BlackElo "1564"]

1. d4 d5 2. Nc3 c6 3. f3 Nf6 4. Bf4 Nbd7 5. Be5 Nh5 6. e4 e6 7. Be2 Be7 8. f4
O-O 9. Bxh5 b5 10. exd5 cxd5 11. Nxb5 Bb7 12. Nf3 Bb4+ 13. c3 Ba5 14. b4 Nxe5
15. Nxe5 Bb6 16. Bxf7+ Rxf7 17. Nxf7 Kxf7 18. Qh5+ Kg8 19. O-O a6 20. Na3 Qc8
21. Rac1 a5 22. b5 a4 23. f5 exf5 24. Qxf5 Qxf5 25. Rxf5 Bc7 26. c4 Bd6 27. Rc3
dxc4 28. Nxc4 Bb4 29. Re3 Rc8 30. Nb6 Rc1+ 31. Rf1 Rxf1+ 32. Kxf1 a3 33. d5 Bd6
34. h3 Bc7 35. Re7 Bxb6 36. Rxb7 1-0

[Event "Game of ITs"]
[Site "http://www.queenalice.com/game.php?id=965783"]
[Date "2011.7.28"]
[Round "-"]
[White "Apollo"]
[Black "saavik"]
[Result "1-0"]
[WhiteElo "1546"]
[BlackElo "1770"]

1. e4 e5 2. Nf3 Nf6 3. Nc3 a6 4. Nxe5 Qe7 5. d4 d6 6. Nd3 Nxe4 7. Nd5 Qe6 8.
Nxc7+ Kd8 9. Nxe6+ Bxe6 10. Qe2 d5 11. f3 Nf6 12. Bd2 Nc6 13. Qf2 Be7 14. O-O-O
Nd7 15. Nf4 Bd6 16. Qh4+ Be7 17. Qg3 g6 18. Nxe6+ fxe6 19. Bg5 h6 20. Bxe7+ Nxe7
21. Qd6 b5 22. Qxe6 Re8 23. Qe1 a5 24. Bxb5 Nc6 25. Qh4+ g5 26. Qxh6 Nb4 27.
Qxg5+ Kc7 28. a3 Rab8 29. Qf4+ Kc8 30. Bxd7+ Kxd7 31. axb4 Rxb4 32. Qf7+ Re7 33.
Qxd5+ Ke8 34. Qxa5 Reb7 35. Rhe1+ Kd7 36. Rd3 Rxb2 37. Qf5+ Kc6 38. Qf6+ Kc7 39.
Re7+ Kb8 40. Re8+ Ka7 41. Ra3# 1-0

[Event "Challenge"]
[Site "http://www.queenalice.com/game.php?id=973570"]
[Date "2011.8.17"]
[Round "-"]
[White "drglaucoprado"]
[Black "Apollo"]
[Result "0-1"]
[WhiteElo "1508"]
[BlackElo "1571"]

1. e4 e5 2. b3 Qh4 3. g3 Qxe4+ 4. Qe2 Qxh1 5. Qxe5+ Ne7 6. Qxc7 Nd5 7. Qxc8+ Ke7
8. Qxb7 Qxg1 9. Qxa8 Nc6 10. Nc3 Nxc3 11. dxc3 Kf6 12. b4 Bxb4 13. Qxh8 Bxc3+
14. Bd2 Bxd2+ 15. Kxd2 Qxf2+ 16. Kc3 Qd4+ 17. Kb3 Qb4# 0-1

[Event "Challenge"]
[Site "http://www.queenalice.com/game.php?id=980549"]
[Date "2011.9.3"]
[Round "-"]
[White "drglaucoprado"]
[Black "Apollo"]
[Result "1-0"]
[WhiteElo "1570"]
[BlackElo "1584"]

1. e4 e5 2. b3 Qh4 3. g3 Qxe4+ 4. Qe2 Qxh1 5. Qxe5+ Kd8 6. Ne2 Qxh2 7. d4 Bb4+
8. Bd2 Nc6 9. Qxg7 Bxd2+ 10. Nxd2 Ke8 11. Qxh8 Ne7 12. Nf4 1-0

[Event "Challenge"]
[Site "http://www.queenalice.com/game.php?id=981257"]
[Date "2011.9.4"]
[Round "-"]
[White "Apollo"]
[Black "saavik"]
[Result "1-0"]
[WhiteElo "1567"]
[BlackElo "1722"]

1. e4 e5 2. Qh5 Nf6 3. Qxe5+ Qe7 4. Qxc7 Nc6 5. f3 Nd5 6. Qa5 Ncb4 7. Kd1 b6 8.
Qa4 Nc7 9. c3 Nc6 10. d4 Qd6 11. Ne2 b5 12. Qc2 Ba6 13. Bf4 Qe6 14. Bxc7 d6 15.
d5 Qd7 16. dxc6 Qxc7 17. Nd4 Qb6 18. Nd2 b4 19. Bxa6 Qxa6 20. cxb4 Rc8 21. Nc4
d5 22. b5 Rxc6 23. bxa6 Rxc4 24. Qd3 Bc5 25. Nc6 Bb6 26. Qxd5 Rxc6 27. Qxc6+ Ke7
28. Kc2 Rd8 29. Rac1 Rd6 30. Qc8 Rd7 31. Kb1 Rd8 32. Qh3 h6 33. Rhd1 Rxd1 34.
Rxd1 f5 35. Qxf5 Bd4 36. Rxd4 g5 37. Rd7+ Ke8 38. Qf7# 1-0

[Event "Challenge"]
[Site "http://www.queenalice.com/game.php?id=1018561"]
[Date "2012.1.29"]
[Round "-"]
[White "Apollo"]
[Black "saavik"]
[Result "1-0"]
[WhiteElo "1589"]
[BlackElo "1707"]

1. e4 e5 2. Nf3 Nc6 3. Nc3 a6 4. Bd3 Bc5 5. O-O d6 6. a3 Be6 7. b4 Bd4 8. Nxd4
exd4 9. Ne2 Qg5 10. f4 Qh4 11. b5 Na5 12. bxa6 bxa6 13. Nxd4 Bg4 14. Be2 Nf6 15.
g3 Qh3 16. e5 Ne4 17. Bxg4 Qh6 18. Bf5 Nc5 19. Rf2 g6 20. Bg4 Ne4 21. Re2 d5 22.
e6 fxe6 23. Nxe6 Ra7 24. Bb2 Nc4 25. Bxh8 c6 26. d3 Nc3 27. Bxc3 Re7 28. dxc4 g5
29. Ba5 Kf7 30. fxg5 Qg6 31. Qf1+ 1-0

[Event "Challenge"]
[Site "http://www.queenalice.com/game.php?id=1087828"]
[Date "2012.7.28"]
[Round "-"]
[White "plot24"]
[Black "Apollo"]
[Result "1-0"]
[WhiteElo "1730"]
[BlackElo "1610"]

1. d4 d5 2. c4 e6 3. Nf3 c6 4. e3 dxc4 5. Bxc4 b5 6. Bd3 Bb4+ 7. Bd2 Bxd2+ 8.
Qxd2 Nf6 9. a4 O-O 10. axb5 cxb5 11. Bxb5 a6 12. O-O Bb7 13. Be2 Nbd7 14. Nc3
Qc7 15. Rfc1 Bxf3 16. Bxf3 Ra7 17. Ra2 a5 18. Nb5 Qb6 19. Nxa7 Qxa7 20. Rxa5 Qb8
21. Rca1 Rc8 22. Ra8 Qc7 23. Rxc8+ Qxc8 24. Ra8 Nb8 25. Qc3 Qe8 26. Qc7 Nfd7 27.
Bc6 h5 28. Rxb8 Qxb8 29. Qxb8+ Nxb8 30. Ba8 h4 31. f4 Nd7 32. Kf2 Nf6 33. Kf3
Kf8 34. Bc6 Ke7 35. b4 Kd6 36. b5 Kc7 37. e4 g6 38. g4 h3 39. Kg3 Nd7 40. Kxh3
Nb6 41. Kh4 f5 42. exf5 gxf5 43. gxf5 exf5 44. Kg5 1-0

[Event "AUTO-OPEN-2926"]
[Site "http://www.queenalice.com/game.php?id=1155207"]
[Date "2013.2.24"]
[Round "1"]
[White "Apollo"]
[Black "sical"]
[Result "0-1"]
[WhiteElo "1606"]
[BlackElo "2470"]

1. e4 c5 2. Nf3 d6 3. d4 cxd4 4. Nxd4 Nf6 5. Nc3 a6 6. Be3 Ng4 7. Bg5 h6 8. Bh4
g5 9. Bg3 Bg7 10. Be2 h5 11. Nf5 Bxf5 12. exf5 Nh6 13. Bxh5 Nxf5 14. Qd5 Rxh5
15. Qxf5 Bxc3+ 16. bxc3 Nc6 17. O-O Qa5 0-1

[Event "AUTO-OPEN-2926"]
[Site "http://www.queenalice.com/game.php?id=1155232"]
[Date "2013.2.24"]
[Round "1"]
[White "fisionboy"]
[Black "Apollo"]
[Result "0-1"]
[WhiteElo "1851"]
[BlackElo "1613"]

1. d4 a6 2. c4 d6 3. Nc3 Nd7 4. Nf3 g6 5. Bf4 Bg7 6. e3 e6 7. Bd3 e5 8. dxe5
dxe5 9. Bg3 Nc5 10. Bc2 Qxd1+ 11. Rxd1 f6 12. b4 Ne6 13. Ba4+ c6 14. O-O a5 15.
b5 cxb5 16. Nxb5 Kf8 17. Nd2 Ne7 18. Ne4 Kg8 19. Nbd6 h5 20. h3 h4 21. Bh2 f5
22. Nc3 Nc5 23. Bc2 Rh7 24. Nd5 Kf8 25. Rfe1 Nxd5 26. cxd5 Ke7 27. Nc4 e4 28.
d6+ Kd8 29. Rd5 Na6 30. a3 Be6 31. Nb6 Bxd5 32. Nxa8 Bf8 33. Nb6 Bc6 34. f3 exf3
35. gxf3 Bxf3 36. e4 fxe4 37. Bxe4 Bxe4 38. Rxe4 Rh5 39. Rd4 Bh6 40. Bf4 Nc5 41.
Rc4 Bf8 42. Kf2 Ke8 43. Ke3 Ne6 44. d7+ Kf7 45. a4 Bc5+ 46. Ke4 Bxb6 0-1

[Event "AUTO-OPEN-2926"]
[Site "http://www.queenalice.com/game.php?id=1155233"]
[Date "2013.2.24"]
[Round "1"]
[White "Apollo"]
[Black "fisionboy"]
[Result "1/2-1/2"]
[WhiteElo "1604"]
[BlackElo "1838"]

1. e4 c5 2. Nf3 e6 3. Nc3 Ne7 4. Bb5 a6 5. Bc4 b5 6. Nxb5 axb5 7. Bxb5 Qb6 8.
Qe2 Ng6 9. O-O Be7 10. Bc4 O-O 11. d3 Bb7 12. c3 Nc6 13. Be3 Na5 14. b4 Nxc4 15.
bxc5 Bxc5 16. Bxc5 Qxc5 17. dxc4 Rfc8 18. Rfb1 Ba6 19. Qd2 Rd8 20. Rb4 Bxc4 21.
a4 d5 22. e5 Ne7 23. Rb7 h6 24. Qd4 Qc6 25. Rxe7 Rxa4 26. Rxa4 Qxa4 27. Ra7 Qc2
28. Qe3 Rb8 29. h3 Qe2 30. Qf4 Rf8 31. Qc1 f5 32. Nd4 Qxe5 33. Re7 Rc8 34. Rxe6
Qc7 35. Nxf5 d4 36. Ne7+ Kh7 37. Rc6 Qxe7 38. Rxc8 Be6 39. Ra8 d3 40. Qe3 Qd7
41. Ra7 Qd5 42. Qd2 Bf5 43. Ra4 Qb3 44. Rb4 Qc2 45. Rb2 Qa4 46. Ra2 Qb3 1/2-1/2

[Event "AUTO-OPEN-2926"]
[Site "http://www.queenalice.com/game.php?id=1155248"]
[Date "2013.2.24"]
[Round "1"]
[White "NatanEstivallet"]
[Black "Apollo"]
[Result "1-0"]
[WhiteElo "1925"]
[BlackElo "1609"]

1. e4 e5 2. Nf3 Nc6 3. Bc4 Bc5 4. c3 Nf6 5. d4 exd4 6. cxd4 Bb4+ 7. Nc3 Bxc3+ 8.
bxc3 d5 9. exd5 Nxd5 10. Qb3 Qe7+ 11. Kf1 O-O 12. Bxd5 Re8 13. Ba3 Qf6 14. Bc1
Qe7 15. Bg5 Qd7 16. Bxc6 1-0

[Event "AUTO-OPEN-2926"]
[Site "http://www.queenalice.com/game.php?id=1155249"]
[Date "2013.2.24"]
[Round "1"]
[White "Apollo"]
[Black "NatanEstivallet"]
[Result "0-1"]
[WhiteElo "1616"]
[BlackElo "1882"]

1. e4 c5 2. Nf3 d6 3. d4 cxd4 4. Nxd4 Nf6 5. Nc3 a6 6. Be3 e5 7. Nf3 Be7 8. Bc4
O-O 9. O-O Qc7 10. Bd5 Be6 0-1

[Event "AUTO-OPEN-3195"]
[Site "http://www.queenalice.com/game.php?id=1258975"]
[Date "2014.2.22"]
[Round "1"]
[White "solzhenitsyn"]
[Black "Apollo"]
[Result "0-1"]
[WhiteElo "1947"]
[BlackElo "1601"]

1. d4 d5 2. c4 Nf6 3. Bg5 e5 4. dxe5 h6 5. Bxf6 gxf6 6. Qxd5 Qe7 7. Nf3 Qb4+ 8.
Nc3 Qxb2 9. Qb5+ Qxb5 10. Nxb5 Bb4+ 11. Nd2 Na6 12. exf6 c6 13. Nd4 Bc3 14. e3
Bxa1 15. Bd3 c5 16. N4b3 Bxf6 17. Ne4 Be7 18. O-O Be6 19. a3 O-O-O 20. Bb1 Bxc4
21. Ba2 Bxf1 0-1

[Event "AUTO-OPEN-3195"]
[Site "http://www.queenalice.com/game.php?id=1258976"]
[Date "2014.2.22"]
[Round "1"]
[White "Apollo"]
[Black "solzhenitsyn"]
[Result "1-0"]
[WhiteElo "1631"]
[BlackElo "1894"]

1. e4 c5 2. d3 e5 3. Nf3 Nc6 4. Nc3 Nf6 5. Be2 d6 6. O-O Be7 7. Bg5 Bg4 8. Nxe5
Bxe2 9. Nxc6 bxc6 10. Qxe2 O-O 11. Rab1 Qd7 12. e5 dxe5 13. Qxe5 Qe6 14. Qxe6
fxe6 15. Rfe1 Kf7 16. a3 h6 17. Bh4 g5 18. Bg3 Rad8 19. f4 g4 20. Bf2 Nd5 21.
Na4 Nxf4 22. Re4 e5 23. Rxe5 Rd5 24. Rbe1 Rxe5 25. Rxe5 Bd6 26. Re4 Re8 27. Rxe8
Kxe8 28. Nxc5 Bxc5 29. Bxc5 a6 30. Be3 1-0